000 00764nam a22002417a 4500
005 20170124110031.0
010 _aA-371775
020 _c00.00
_a8185167176
035 _aA-371775
037 _bCen Lib/Ret
040 _aDPL
_bEN
082 _a574.5
_bLOD
100 _aLodha, R. M
_921764
245 _aPesticides and environmental pollution /
_cby R. M. Lodha [and] Vandana Saxena
260 _aUdaipur
_bHimanshu Publications
_c1989
270 _a5-K/51, Ram Singh Ki Badi, Sector 11
_bUdaipur
300 _aviii,121p.
_c21cm(Hb)
500 _aIncludes bibliography and index
650 _aSystem in plants
_921765
650 _aPollution due to pesticide
_921766
700 _aSaxena, Vandana
_921767
942 _2ddc
_cEN
_h574.5
_mLOD
999 _c127868
_d127868